000 00342nam a22001577a 4500
003 SGT
020 _a978-0-07-14-7691-1
082 _a610
_bFAU
100 _aFAUCI, ANTHONY
245 _aHARRISON'S INTERNAL MEDICINE
250 _a17TH
260 _aUSA
_bMC GRAW HILL
_c2008
300 _a1364
650 _aMEDICINE
942 _2ddc
_cBK
999 _c32406
_d32406